000 00363nam a22001577a 4500
003 OSt
005 20240403121106.0
008 240403b |||||||| |||| 00| 0 eng d
040 _cCentral Library MRSPTU
100 _aAnam Faruqi
245 _aHeathcare Management
250 _a2nd
260 _bOrange Books Publication
300 _a166
942 _2ddc
_cBK
_n0
999 _c9962
_d9962